| 000 | 00433nam a2200133Ia 4500 | ||
|---|---|---|---|
| 008 | 181023s9999 xx 000 0 und d | ||
| 020 | _a9781260010893 | ||
| 100 | _aChin, Robert. | ||
| 245 |
_cRobert Chin.-- _aArduino and Raspberry Pi sensor projects for the evil genius / |
||
| 260 |
_aNew York : _bMcGraw Hill _c2018 |
||
| 300 | _ax, 227 pages. | ||
| 650 | _aArduino (Programmable controller). | ||
| 650 | _aRaspberry Pi (Computer). | ||
| 999 |
_c359382 _d359382 |
||